000 00559ntaaa2200193 4500
003 01
005 20251027201408.0
008 0714s1973 ag 01
040 _aAR-BaBN
_bspa
_cAR-BaBN
_eaacr
_dRIC
082 _a225.8230 T21
100 _aTaylor, Vincent
_912164
245 _aAtonement in New Testament teaching
250 _a1 ed. :
_bEpworth,
_cc1940
300 _a221 p.
500 _a"On the doctrine of the atonement in the light of the New Testament"
650 _aTeología Bíblica-Nuevo Testamento
650 _aPropiciación
_912436
942 _cBK
999 _c8482
_d8482